01154nam a2200277Ia 4500001000700000003000500007008004100012010001100053040000900064090001700073100003500090245019600125260004100321300001000362502007600372650004000448700004100488901001700529902000600546910000900552942000600561942000600567999001900573952014200592952014200734Z_3279CHAP220113s2000 xx 000 0 und d a166387 cCHAP aTesis S 1466 aSalinas Moreno, Saúl9101682 aFactores que influyen sobre la productividad en las explotaciones de lechería familiar en la parte norte de los Altos de Jalisco /cpor Saúl Salinas Moreno y Oscar Andrés Tornez Bello aChapingo, Méx. :bEl autor,c2000 a95 h. aTesis (Ing. Agr. Esp. en Zootecnia) -- UACH. Departamento de Zootecnia aGanado lecheroxProducción945288 aTornez Bello, Oscar Andrés9113954 aTESIS S 1466 aM a2000 c2 c2 c166387d166387 00102local4051708TESISaZbZd2005-11-09eEL autorl0oTesis S25 1466 2000p5101002345r2022-01-18 00:00:00tEj.1w2022-01-18yTESIS 00102local4055708TESISaZbZd2005-11-09eEL autorl0oTesis S25 1466 2000p5101002346r2022-01-18 00:00:00tEj.2w2022-01-18yTESIS